000 00494nam a2200169Ia 4500
005 20260330112651.0
008 260330s9999||||xx |||||||||||||| ||und||
020 _a9582006822
041 _aspa
100 _aRita Astrid Rodriguez M.
245 0 _aEducacion Y Estandares: Marco Teorico Y Propuestas Para Una Aplicacion Efectiva /
_cRita Astrid Rodriguez M.
250 _a2 ed.
260 _aBogotá,Colombia :
_bMagisterio.
_c2005
300 _a126 p.
650 _aEDUCACIÓN
942 _cBK
999 _c1151
_d1151